Statistics for San Francisco Movies by Picture

Click here to take the quiz!

General Stats

  • This quiz has been taken 55 times
  • The average score is 11 of 16

Answer Stats

Answer% Correct
Superman
100%
Hulk
98%
Minions: The Rise of Gru
96%
Mrs. Doubtfire
89%
Dirty Harry
81%
Milk
77%
Inside Out
75%
Sister Act
72%
Basic Instinct
66%
The Rock
64%
Doctor Dolittle
53%
The Pursuit of Happyness
53%
Star Trek IV: The Voyage Home
51%
Vertigo
45%
Monsters vs. Aliens
40%
The Maltese Falcon
32%

Score Distribution

Percentile by Number Answered

Percent of People with Each Score

Your Score History

You have not taken this quiz